000 00290nam a22001217a 4500
003 SGT
082 _a616.89
_bC13M
100 _aMC CONAUGHY, S.H.
245 _aCLINICAL INTERVIEWS FOR CHILDREN & ADOLESCENTS
260 _aNEW YORK
_bTHE GUILFORD
_c2013
300 _a272
942 _2ddc
_cBK
999 _c15031
_d15031